Statistics for Capitals of Europe - Click Quiz

Click here to take the quiz!

General Stats

  • This quiz has been taken 25 times
  • The average score is 16 of 44

Answers on the Map

Answers color-coded by a green-red scale on the quiz's map according to % correct below.
 

Answer Stats

Answer% Correct
Athens
69%
Amsterdam
63%
London
63%
Paris
63%
Dublin
56%
Madrid
56%
Reykjavík
56%
Berlin
50%
Lisbon
50%
Moscow
50%
Andorra la Vella
44%
Bern
44%
Brussels
44%
Copenhagen
44%
Helsinki
44%
Prague
44%
Warsaw
44%
Luxembourg City
38%
Minsk
38%
Oslo
38%
Vienna
38%
Monaco
31%
Rome
31%
San Marino
31%
Sofia
31%
Stockholm
31%
Tallinn
31%
Tirana
31%
Vilnius
31%
Bratislava
25%
Budapest
25%
Chisinau
25%
Podgorica
25%
Sarajevo
25%
Valletta
25%
Vatican City
25%
Belgrade
19%
Ljubljana
19%
Riga
19%
Skopje
19%
Zagreb
19%
Bucharest
13%
Kyiv
13%
Pristina
13%

Score Distribution

Percentile by Number Answered

Percent of People with Each Score

Your Score History

You have not taken this quiz